[Event "RB-2022-0-00418"]
[Site "LSS email"]
[Date "2022.12.09"]
[Round "?"]
[White "Vio, Mauro"]
[Black "Matugin, Sergei"]
[Result "1/2-1/2"]
[WhiteElo "1968"]
[BlackElo "1921"]
[PlyCount "92"]
[EventDate "2022.03.19"]
[EventType "tourn (corr)"]
[EventRounds "6"]
[EventCountry "GER"]
[SourceTitle "Corr 2024"]
[Source "ChessBase"]
[SourceDate "2023.10.19"]
[SourceVersion "1"]
[SourceVersionDate "2023.10.19"]
[SourceQuality "1"]

1. c4 Nf6 2. Nf3 c5 3. Nc3 Nc6 4. d4 cxd4 5. Nxd4 e6 6. Nxc6 bxc6 7. e4 Bb4 8. Bd3 e5 9. 0-0 0-0 10. Be3 d6 11. Qc1 Be6 12. h3 h6 13. a3 Ba5 14. Rd1 Qe7 15. b4 Bb6 16. Bf1 Rfd8 17. a4 Bxe3 18. Qxe3 a5 19. b5 Rdc8 20. Rac1 Nd7 21. Rb1 Kh7 22. Rd2 cxb5 23. cxb5 Rc5 24. Rbd1 Nb6 25. Rxd6 Rac8 26. Kh2 Qc7 27. R1d2 Rb8 28. Rc6 Rxc6 29. bxc6 Qxc6 30. Bb5 Qc7 31. Nd5 Bxd5 32. exd5 Qd6 33. Rc2 Nxd5 34. Qa7 Nb4 35. Rc7 e4+ 36. g3 Rf8 37. Qxa5 Nd3 38. Qa7 Ne5 39. Kg2 Rd8 40. Qc5 Qxc5 41. Rxc5 f6 42. g4 Rd2 43. Rc3 Nd3 44. Bxd3 exd3 45. a5 Ra2 46. Rxd3 Rxa5 1/2-1/2

[Event "LSS No Engine Cup 230 Preliminary 0"]
[Site "LSS email"]
[Date "2022.10.08"]
[Round "?"]
[White "Shchebenyuk, Nina"]
[Black "Vio, Mauro"]
[Result "1/2-1/2"]
[WhiteElo "1600"]
[BlackElo "2150"]
[PlyCount "81"]
[EventDate "2022.10.08"]
[EventType "tourn (corr)"]
[EventRounds "6"]
[EventCountry "GER"]
[SourceTitle "Corr 2024"]
[Source "ChessBase"]
[SourceDate "2023.10.19"]
[SourceVersion "1"]
[SourceVersionDate "2023.10.19"]
[SourceQuality "1"]

1. e4 e5 2. Nf3 Nc6 3. d4 exd4 4. Nxd4 Nf6 5. Nxc6 bxc6 6. Bd3 d5 7. exd5 cxd5 8. 0-0 Be7 9. Nc3 0-0 10. Bg5 Be6 11. Re1 h6 12. Bf4 c5 13. Qd2 c4 14. Bf1 Bb4 15. Be5 Ne4 16. Qf4 f5 17. Rad1 Rc8 18. Be2 Bc5 19. Rf1 Be7 20. h3 Bg5 21. Qh2 Bf7 22. Rfe1 Re8 23. Nxe4 fxe4 24. Bg4 Rc5 25. Qg3 Bh4 26. Qc3 h5 27. Bd4 Bf6 28. Be2 Bxd4 29. Rxd4 Qb6 30. Red1 Kh8 31. a3 a5 32. a4 Kg8 33. f3 e3 34. f4 Kf8 35. Bf3 Rc7 36. Re1 Rce7 37. Re2 Qa7 38. Kh2 Qb6 39. Kg1 Qa7 40. Kh2 Qb6 41. Kg1 1/2-1/2

[Event "LSS No Engine Cup 230 Preliminary 0"]
[Site "LSS email"]
[Date "2022.10.08"]
[Round "?"]
[White "Vio, Mauro"]
[Black "Huber, Karl"]
[Result "1/2-1/2"]
[WhiteElo "2150"]
[BlackElo "2154"]
[PlyCount "154"]
[EventDate "2022.10.08"]
[EventType "tourn (corr)"]
[EventRounds "6"]
[EventCountry "GER"]
[SourceTitle "Corr 2024"]
[Source "ChessBase"]
[SourceDate "2023.10.19"]
[SourceVersion "1"]
[SourceVersionDate "2023.10.19"]
[SourceQuality "1"]

1. d4 Nf6 2. Nf3 d5 3. c4 e6 4. Nc3 Be7 5. cxd5 exd5 6. h3 c6 7. Bf4 Bf5 8. e3 Nbd7 9. Bd3 Bxd3 10. Qxd3 a5 11. Qc2 Nb6 12. Ne5 Bd6 13. 0-0 0-0 14. Rfc1 Re8 15. a4 Nh5 16. Bh2 Nf6 17. Bf4 Qb8 18. b3 Qd8 19. Re1 h6 20. Rad1 Bf8 21. Nd3 Rc8 22. Rb1 Be7 23. Ne2 Nbd7 24. Rec1 Ne4 25. Qd1 Ba3 26. Rc2 Ra8 27. Nc3 Ndf6 28. Be5 Nxc3 29. Rxc3 Ne4 30. Rc2 Qg5 31. Qg4 h5 32. Qxg5 Nxg5 33. Bc7 h4 34. Kf1 Ne4 35. Ke2 Re7 36. Ra1 Bd6 37. Bxd6 Nxd6 38. Rb1 g5 39. b4 axb4 40. Rxb4 f5 41. Kf3 Kh7 42. Ne5 Kg7 43. Ra2 Ra5 44. Ke2 Rc7 45. Rc2 Kf6 46. Rcb2 Rg7 47. Kf3 Ra7 48. Ra2 Ra5 49. Rc2 Ra8 50. Rcb2 Ra5 51. Rb1 Ne4 52. Rc1 Ra8 53. Ke2 g4 54. Rc2 Nd6 55. Rc1 g3 56. Rc2 gxf2 57. Kxf2 Rg3 58. Re2 Ne4+ 59. Kg1 Nc3 60. Re1 Rxa4 61. Rxa4 Nxa4 62. Nf3 Rg8 63. Nxh4 b5 64. Nf3 Nc3 65. Ra1 b4 66. Ra6 f4 67. exf4 Kf5 68. Rb6 Ne2+ 69. Kf1 Nxf4 70. Rxb4 Nxg2 71. Rb7 Nf4 72. Ne5 Rc8 73. Rb6 Ke4 74. Nxc6 Nxh3 75. Ke2 Ng1+ 76. Kf2 Nf3 77. Nb4 Nxd4 1/2-1/2

[Event "LSS No Engine Cup 228 Preliminary 0"]
[Site "LSS email"]
[Date "2022.07.09"]
[Round "?"]
[White "Heiser, Jerome"]
[Black "Vio, Mauro"]
[Result "0-1"]
[WhiteElo "741"]
[BlackElo "2115"]
[PlyCount "46"]
[EventDate "2022.07.09"]
[EventType "tourn (corr)"]
[EventRounds "6"]
[EventCountry "GER"]
[SourceTitle "Corr 2024"]
[Source "ChessBase"]
[SourceDate "2023.10.19"]
[SourceVersion "1"]
[SourceVersionDate "2023.10.19"]
[SourceQuality "1"]

1. e4 e6 2. d4 d5 3. e5 c5 4. Nf3 cxd4 5. Nxd4 Nc6 6. Bb5 Bd7 7. Bxc6 bxc6 8. a3 c5 9. Nf3 Ne7 10. Bg5 h6 11. Bh4 g5 12. Nxg5 hxg5 13. Bxg5 Rg8 14. Qh5 Qb8 15. Bf6 Qxb2 16. 0-0 Qxa1 17. Qh7 Rg6 18. Nd2 Qc3 19. Bxe7 Bxe7 20. Qh8+ Bf8 21. Nf3 Qxf3 22. g3 d4 23. Qh4 Bc6 0-1

[Event "LSS No Engine Cup 228 Preliminary 0"]
[Site "LSS email"]
[Date "2022.07.09"]
[Round "?"]
[White "Schleef, Harald"]
[Black "Vio, Mauro"]
[Result "1-0"]
[WhiteElo "2325"]
[BlackElo "2115"]
[PlyCount "103"]
[EventDate "2022.07.09"]
[EventType "tourn (corr)"]
[EventRounds "6"]
[EventCountry "GER"]
[SourceTitle "Corr 2024"]
[Source "ChessBase"]
[SourceDate "2023.10.19"]
[SourceVersion "1"]
[SourceVersionDate "2023.10.19"]
[SourceQuality "1"]

1. e4 e5 2. Nf3 Nc6 3. Bc4 Bc5 4. c3 Nf6 5. d3 a5 6. 0-0 d6 7. Re1 h6 8. Nbd2 Be6 9. Bb5 0-0 10. Nf1 Ne7 11. d4 exd4 12. cxd4 Bb6 13. Ng3 d5 14. e5 Ne4 15. Nxe4 dxe4 16. Rxe4 Qd5 17. Bd3 c5 18. Rh4 Ng6 19. Rxh6 gxh6 20. Qd2 c4 21. Qxh6 Bxd4 22. Bxg6 Bxf2+ 23. Kxf2 fxg6 24. Qxg6+ Kh8 25. Qh5+ Kg8 26. Bh6 Rf7 27. Qg5+ Kh7 28. Qh4 Rh8 29. Re1 Kg6 30. Qg5+ Kh7 31. Qh5 Qd3 32. Kg1 Qf5 33. Qh4 Kg6 34. Bd2 Qh5 35. Qg3+ Qg4 36. Qxg4+ Bxg4 37. e6 Rxf3 38. gxf3 Bxf3 39. e7 Re8 40. Kf2 Bc6 41. h4 a4 42. Bg5 a3 43. bxa3 Ra8 44. Re6+ Kh7 45. Rd6 c3 46. Ke3 Bb5 47. Rd8 Rxa3 48. e8Q c2+ 49. Kd2 Bxe8 50. Rxe8 Rxa2 51. Re7+ Kg6 52. Rxb7 1-0

[Event "LSS No Engine Cup 222 Final"]
[Site "LSS email"]
[Date "2022.05.25"]
[Round "?"]
[White "Henke, Simon"]
[Black "Vio, Mauro"]
[Result "1/2-1/2"]
[WhiteElo "2089"]
[BlackElo "2116"]
[PlyCount "38"]
[EventDate "2022.05.25"]
[EventType "tourn (corr)"]
[EventRounds "6"]
[EventCountry "GER"]
[SourceTitle "Corr 2024"]
[Source "ChessBase"]
[SourceDate "2023.10.19"]
[SourceVersion "1"]
[SourceVersionDate "2023.10.19"]
[SourceQuality "1"]

1. d4 d5 2. Nc3 Nf6 3. Bf4 e6 4. Nb5 Na6 5. e3 Be7 6. g4 Ne4 7. Bd3 Bd7 8. a4 g5 9. Be5 f6 10. Bg3 Nxg3 11. hxg3 c6 12. Nc3 Qb6 13. a5 Qxb2 14. Nge2 Bb4 15. Kd2 h6 16. Rb1 Qa3 17. Ra1 Qb2 18. Rb1 Qa3 19. Ra1 Qb2 1/2-1/2

[Event "LSS No Engine Cup 222 Final"]
[Site "LSS email"]
[Date "2022.05.25"]
[Round "?"]
[White "Schleef, Harald"]
[Black "Vio, Mauro"]
[Result "1/2-1/2"]
[WhiteElo "2320"]
[BlackElo "2116"]
[PlyCount "89"]
[EventDate "2022.05.25"]
[EventType "tourn (corr)"]
[EventRounds "6"]
[EventCountry "GER"]
[SourceTitle "Corr 2024"]
[Source "ChessBase"]
[SourceDate "2023.10.19"]
[SourceVersion "1"]
[SourceVersionDate "2023.10.19"]
[SourceQuality "1"]

1. e4 e6 2. d4 d5 3. Nd2 c5 4. Ngf3 Nf6 5. exd5 Nxd5 6. Nb3 cxd4 7. Nfxd4 Bb4+ 8. Bd2 0-0 9. c4 Bxd2+ 10. Qxd2 Nf6 11. Be2 e5 12. Nb5 Qxd2+ 13. Kxd2 a6 14. Nc3 Bf5 15. Rhd1 Nc6 16. Rac1 Rad8+ 17. Ke1 Nd4 18. Nc5 Rb8 19. Bd3 Rfc8 20. N3a4 Bxd3 21. Nxd3 Nd7 22. b3 f6 23. Nc3 h6 24. Ne4 f5 25. Nc3 Nc6 26. f3 Rf8 27. Rc2 Rbe8 28. Re2 g5 29. h3 h5 30. Kf1 h4 31. Kg1 Kg7 32. Red2 Rf7 33. Re1 Re6 34. Nb2 Rg6 35. Nbd1 Nc5 36. Ne3 Ne6 37. Kh1 Nf4 38. Red1 Nd4 39. c5 Re6 40. Kh2 b6 41. cxb6 Rxb6 42. Nc4 Re6 43. Nxe5 Nxb3 44. axb3 Rxe5 45. Nd5 1/2-1/2

[Event "LSS No Engine Cup 226 Preliminary 0"]
[Site "LSS email"]
[Date "2022.03.27"]
[Round "?"]
[White "Schnoewitz, Brigitte"]
[Black "Vio, Mauro"]
[Result "0-1"]
[WhiteElo "1205"]
[BlackElo "2087"]
[PlyCount "60"]
[EventDate "2022.03.27"]
[EventType "tourn (corr)"]
[EventRounds "6"]
[EventCountry "GER"]
[SourceTitle "Corr 2024"]
[Source "ChessBase"]
[SourceDate "2023.10.19"]
[SourceVersion "1"]
[SourceVersionDate "2023.10.19"]
[SourceQuality "1"]

1. d4 f5 2. Bf4 d6 3. e3 Nf6 4. h3 g6 5. Nf3 Bg7 6. c3 0-0 7. Be2 e6 8. 0-0 Nc6 9. Nbd2 Qe7 10. Bd3 e5 11. dxe5 dxe5 12. Bh2 e4 13. Bc4+ Kh8 14. Nd4 Ne5 15. Qb3 c5 16. Bxe5 Qxe5 17. Nc2 g5 18. Be2 Rb8 19. a4 Qe7 20. Qa3 b6 21. Rad1 f4 22. exf4 gxf4 23. b4 Bf5 24. Na1 Nd5 25. Nb1 f3 26. Rxd5 fxe2 27. Re1 e3 28. Rxe2 exf2+ 29. Kf1 Bd3 30. Qb2 Bxe2+ 0-1

[Event "LSS No Engine Cup 225 Preliminary 0"]
[Site "LSS email"]
[Date "2022.02.02"]
[Round "?"]
[White "Shim Ng Min, Francis"]
[Black "Vio, Mauro"]
[Result "0-1"]
[WhiteElo "1417"]
[BlackElo "2031"]
[PlyCount "54"]
[EventDate "2022.02.02"]
[EventType "tourn (corr)"]
[EventRounds "6"]
[EventCountry "GER"]
[SourceTitle "Corr 2024"]
[Source "ChessBase"]
[SourceDate "2023.10.19"]
[SourceVersion "1"]
[SourceVersionDate "2023.10.19"]
[SourceQuality "1"]

1. e4 c5 2. Nf3 d6 3. d4 cxd4 4. Nxd4 Nf6 5. Nc3 a6 6. Bg5 e6 7. f4 Qb6 8. Qd2 Qxb2 9. Rb1 Qa3 10. f5 Nc6 11. fxe6 fxe6 12. Nxc6 bxc6 13. e5 dxe5 14. Bxf6 gxf6 15. Ne4 f5 16. Be2 h5 17. Bxh5+ Rxh5 18. Nf6+ Kf7 19. Nxh5 Qc5 20. Ng3 a5 21. Rb3 Ba6 22. Ne2 a4 23. Rc3 Qb5 24. Rh3 Rd8 25. Qe3 Bb4+ 26. c3 Bc5 27. Rh7+ Kg8 0-1

[Event "LSS No Engine Cup 225 Preliminary 0"]
[Site "LSS email"]
[Date "2022.02.02"]
[Round "?"]
[White "Vio, Mauro"]
[Black "Schleef, Harald"]
[Result "1/2-1/2"]
[WhiteElo "2031"]
[BlackElo "2358"]
[PlyCount "150"]
[EventDate "2022.02.02"]
[EventType "tourn (corr)"]
[EventRounds "6"]
[EventCountry "GER"]
[SourceTitle "Corr 2024"]
[Source "ChessBase"]
[SourceDate "2023.10.19"]
[SourceVersion "1"]
[SourceVersionDate "2023.10.19"]
[SourceQuality "1"]

1. e4 e5 2. d4 exd4 3. c3 dxc3 4. Nxc3 Bc5 5. Bc4 Nc6 6. Bxf7+ Kxf7 7. Qh5+ Kf8 8. Qxc5+ d6 9. Qe3 Nf6 10. Nge2 Kf7 11. 0-0 Rf8 12. b3 Kg8 13. Bb2 b6 14. f3 Qd7 15. Rfd1 Rf7 16. Ng3 Bb7 17. Rac1 Raf8 18. Nce2 a5 19. h3 Ne7 20. a3 Ne8 21. b4 axb4 22. axb4 Qb5 23. Qd2 c5 24. Rb1 Qc6 25. Rbc1 Qb5 26. Ba1 h6 27. Kh2 Bc6 28. bxc5 bxc5 29. Nh5 d5 30. exd5 Nxd5 31. Neg3 c4 32. Re1 c3 33. Bxc3 Nxc3 34. Qxc3 Bd7 35. Re5 Qb8 36. Rd1 Bf5 37. Qa5 Qc7 38. Qe1 Bg6 39. Rxe8 Bxh5 40. Rc1 Qd6 41. Re5 Bg6 42. Re6 Qd3 43. Qe5 Bf5 44. Rec6 Bd7 45. Rd6 Qb5 46. Qd4 Bc8 47. Rcc6 Qb8 48. Rb6 Qc7 49. Rbc6 Qe7 50. Nh5 Bf5 51. Rd5 Kh7 52. Ng3 Bc8 53. Qd3+ Kg8 54. Rd4 Bb7 55. Rcd6 Bc8 56. Re4 Qa7 57. Qc4 Kh7 58. Rc6 Bd7 59. Qc2 Kg8 60. Rc5 Qb8 61. Qd2 Rc8 62. Rb4 Qa7 63. Rxc8+ Bxc8 64. Re4 Qc5 65. Re8+ Rf8 66. Rxf8+ Qxf8 67. Ne4 Be6 68. Kg3 Qf5 69. Qf4 Qxf4+ 70. Kxf4 Bc4 71. Ng3 Kf7 72. Ke5 g5 73. Nf5 Bf1 74. Nxh6+ Kg6 75. Ng4 Bxg2 1/2-1/2

[Event "SC-2022-0-00414"]
[Site "LSS email"]
[Date "2022.01.30"]
[Round "?"]
[White "Vio, Mauro"]
[Black "Cabrera, Claudio"]
[Result "1-0"]
[WhiteElo "1706"]
[BlackElo "1611"]
[PlyCount "115"]
[EventDate "2021.09.14"]
[EventType "tourn (corr)"]
[EventRounds "6"]
[EventCountry "GER"]
[SourceTitle "Corr 2024"]
[Source "ChessBase"]
[SourceDate "2023.10.19"]
[SourceVersion "1"]
[SourceVersionDate "2023.10.19"]
[SourceQuality "1"]

1. c4 Nf6 2. Nc3 e5 3. g3 c6 4. Nf3 d6 5. Bg2 Be6 6. d3 h6 7. e4 g6 8. 0-0 Bg7 9. Ne1 Nbd7 10. Nc2 0-0 11. f4 Bg4 12. Qd2 d5 13. cxd5 cxd5 14. h3 d4 15. hxg4 dxc3 16. bxc3 Re8 17. Ne3 Rc8 18. Bb2 Nc5 19. Rad1 Qb6 20. Nc4 Ncxe4+ 21. Nxb6 Nxd2 22. Nxc8 Nxf1 23. Rxf1 Rxc8 24. fxe5 Nxg4 25. d4 h5 26. Bd5 Rc7 27. Rf3 Bh6 28. Bb3 b5 29. Ba3 Bf8 30. Bc1 a5 31. Bf4 a4 32. Bd1 Be7 33. Rd3 g5 34. Bxg4 hxg4 35. Be3 f6 36. d5 fxe5 37. d6 Bxd6 38. Rxd6 Rxc3 39. Kf2 Kf7 40. Bxg5 Ra3 41. Rd2 Ke6 42. Rb2 b4 43. Kg2 b3 44. axb3 axb3 45. Bc1 Ra1 46. Bd2 Ra8 47. Bb4 Ra2 48. Bc3 Kd5 49. Kf2 Kc4 50. Bxe5 Kd3 51. Bh8 Ra3 52. Rb1 Ra2+ 53. Ke1 Kc4 54. Bb2 Kd3 55. Kd1 Ra8 56. Rc1 Ke3 57. Rc3+ Kf2 58. Rxb3 1-0

[Event "LSS No Engine Cup 218 Final"]
[Site "LSS email"]
[Date "2022.01.27"]
[Round "?"]
[White "Hoehne, Ernst"]
[Black "Vio, Mauro"]
[Result "1/2-1/2"]
[WhiteElo "2059"]
[BlackElo "2029"]
[PlyCount "51"]
[EventDate "2022.01.27"]
[EventType "tourn (corr)"]
[EventRounds "6"]
[EventCountry "GER"]
[SourceTitle "Corr 2024"]
[Source "ChessBase"]
[SourceDate "2023.10.19"]
[SourceVersion "1"]
[SourceVersionDate "2023.10.19"]
[SourceQuality "1"]

1. d4 f5 2. Nf3 Nf6 3. g3 g6 4. Bg2 d6 5. Nc3 Bg7 6. 0-0 0-0 7. Qd3 d5 8. Bf4 c6 9. a3 Nbd7 10. Rad1 a5 11. Nb1 b5 12. Ne5 Nxe5 13. Bxe5 Ng4 14. Bxg7 Kxg7 15. f3 Nf6 16. Nd2 Qd6 17. e4 dxe4 18. fxe4 e5 19. dxe5 Qxe5 20. c3 Re8 21. Rde1 Ra7 22. Nf3 Qc5+ 23. Qd4 Qxd4+ 24. Nxd4 fxe4 25. Nxc6 Ra6 26. Nd4 1/2-1/2

[Event "LSS No Engine Cup 218 Final"]
[Site "LSS email"]
[Date "2022.01.27"]
[Round "?"]
[White "Navarro, Roberto"]
[Black "Vio, Mauro"]
[Result "1/2-1/2"]
[WhiteElo "1318"]
[BlackElo "2029"]
[PlyCount "99"]
[EventDate "2022.01.27"]
[EventType "tourn (corr)"]
[EventRounds "6"]
[EventCountry "GER"]
[SourceTitle "Corr 2024"]
[Source "ChessBase"]
[SourceDate "2023.10.19"]
[SourceVersion "1"]
[SourceVersionDate "2023.10.19"]
[SourceQuality "1"]

1. e4 Nc6 2. d4 d5 3. e5 Bf5 4. c3 e6 5. Bd3 Bxd3 6. Qxd3 Qd7 7. Nd2 f6 8. f4 g5 9. Qe2 gxf4 10. Ndf3 fxe5 11. Nxe5 Nxe5 12. Qxe5 Ne7 13. Bxf4 0-0-0 14. Nh3 Ng6 15. Qh5 Qb5 16. Qe2 Qxe2+ 17. Kxe2 Re8 18. Kd3 Nxf4+ 19. Nxf4 Bd6 20. Rhf1 Kd7 21. Rae1 Ref8 22. Nh5 c6 23. h3 a5 24. Nf6+ Ke7 25. Nh5 Rxf1 26. Rxf1 Rg8 27. g4 b5 28. Nf6 Rg7 29. b3 Rf7 30. g5 e5 31. c4 e4+ 32. Ke3 Ke6 33. cxb5 h6 34. h4 hxg5 35. hxg5 cxb5 36. Rc1 Rg7 37. Rc6 Rxg5 38. Ne8 Kd7 39. Rxd6+ Kxe8 40. Kf4 Rh5 41. Rb6 b4 42. Rb5 Ke7 43. Rxa5 Kd6 44. Ra6+ Kc7 45. Ra5 Kc6 46. Ra6+ Kc7 47. Ra5 Kd6 48. Ra6+ Kd7 49. Ra7+ Kd6 50. Ra6+ 1/2-1/2

[Event "LSS No Engine Cup 223 Preliminary 0"]
[Site "LSS email"]
[Date "2021.11.19"]
[Round "?"]
[White "Mostowik, Pawel"]
[Black "Vio, Mauro"]
[Result "0-1"]
[WhiteElo "2176"]
[BlackElo "1987"]
[PlyCount "132"]
[EventDate "2021.11.19"]
[EventType "tourn (corr)"]
[EventRounds "6"]
[EventCountry "GER"]
[SourceTitle "Corr 2024"]
[Source "ChessBase"]
[SourceDate "2023.10.19"]
[SourceVersion "1"]
[SourceVersionDate "2023.10.19"]
[SourceQuality "1"]

1. e4 c5 2. Nf3 d6 3. d4 cxd4 4. Nxd4 Nf6 5. Nc3 a6 6. Be3 e5 7. Nb3 Be6 8. f3 Be7 9. Qd2 Nbd7 10. 0-0-0 h5 11. Nd5 Nxd5 12. exd5 Bf5 13. Bd3 Bxd3 14. Qxd3 Bg5 15. Bd2 Bxd2+ 16. Nxd2 Rc8 17. g4 Nc5 18. Qe3 hxg4 19. fxg4 Qh4 20. Nc4 Ke7 21. Qe2 b5 22. Na5 Qg5+ 23. Kb1 Rh3 24. Nc6+ Kf8 25. Rhf1 g6 26. Rde1 Rc7 27. Qg2 Rh8 28. h3 Kg7 29. Re2 f6 30. a3 Rf7 31. Rh1 Rff8 32. Qg1 Qf4 33. h4 Qf3 34. Rhh2 Qxd5 35. Nb4 Qe6 36. h5 g5 37. Re1 a5 38. Nc6 Qd7 39. Nxa5 Ne6 40. Rd2 d5 41. Nb3 Rc8 42. c3 Rc4 43. Red1 Nc7 44. Rg2 Ne6 45. Rgd2 Nc7 46. Rg2 Re8 47. Nc5 Qe7 48. Nb3 Ne6 49. Rgd2 Nf4 50. Re1 Qf7 51. Na1 b4 52. cxb4 d4 53. Nb3 d3 54. Qf2 e4 55. Nd4 Kh7 56. Nf5 Qd7 57. Ne3 Rcc8 58. Nf5 Re5 59. b5 Rc7 60. b6 Rc4 61. Ne3 Rc6 62. Nf5 Qb7 63. Qd4 Ne6 64. Qa4 Rxb6 65. Qe8 Nf4 66. Qd8 Rd5 0-1